[Event "Titled Tuesday intern op 15th Dec"]
[Site "Chess.com INT"]
[Date "2020.12.15"]
[Round "11"]
[White "Aleksandr Shimanov"]
[Black "Rameshbabu Praggnanandhaa"]
[Result "0-1"]
[EventDate "?"]
[WhiteElo "2597"]
[BlackElo "2608"]
[Source "chessbites.com"]
[PlyCount "108"]

1. Nf3 Nf6 2. g3 b6 3. Bg2 Bb7 4. d3 g6 5. e4 d6 6. O-O Bg7 7. c4 O-O 8. Nc3 e5 9. Ne1 Nbd7 10. f4 exf4 11. Bxf4 Nh5 12. Be3 Ne5 13. Kh1 Qd7 14. Nf3 f5 15. Nxe5 Bxe5 16. exf5 Bxg2+ 17. Kxg2 Rxf5 18. Rxf5 Qxf5 19. d4 Bg7 20. Qf3 Qxf3+ 21. Kxf3 Rf8+ 22. Ke2 c5 23. Rd1 Re8 24. Kf3 Rf8+ 25. Kg2 Nf6 26. h3 Re8 27. Bf4 cxd4 28. Nb5 Re2+ 29. Kf3 Rxb2 30. Rxd4 d5 31. Nxa7 Rxa2 32. Nc6 Ra3+ 33. Kg2 dxc4 34. Ne5 Ra2+ 35. Kf3 Ra3+ 36. Kg2 Ra8 37. Nxc4 b5 38. Nb6 Ra2+ 39. Kf3 Ra3+ 40. Kg2 Bf8 41. Rd8 Ra2+ 42. Kf3 Kf7 43. Rb8 Bc5 44. Nc8 b4 45. Nd6+ Ke6 46. Ne4 Ra3+ 47. Ke2 Nxe4 48. Re8+ Kd5 49. Re5+ Kd4 50. Re8 Nc3+ 51. Kf3 b3 52. Kg4 b2 53. Rd8+ Kc4 54. Rb8 Rb3 0-1

[Event "Titled Tuesday intern op 15th Dec"]
[Site "Chess.com INT"]
[Date "2020.12.15"]
[Round "9"]
[White "Tuan Minh Le"]
[Black "Rameshbabu Praggnanandhaa"]
[Result "1-0"]
[EventDate "?"]
[WhiteElo "2514"]
[BlackElo "2608"]
[Source "chessbites.com"]
[PlyCount "44"]

1. d4 Nf6 2. Nf3 d5 3. Bf4 Bf5 4. e3 e6 5. c4 Bd6 6. Bg3 Bb4+ 7. Nc3 Ne4 8. Qb3 c5 9. cxd5 Qa5 10. Rc1 O-O 11. dxe6 Bxe6 12. Bc4 cxd4 13. Bxe6 dxc3 14. O-O Nc5 15. Bxf7+ Rxf7 16. Qc4 Ncd7 17. bxc3 Bf8 18. Rb1 Nb6 19. Qe6 Qf5 20. Qb3 Nc6 21. Rfd1 h6 22. h3 1-0

[Event "Titled Tuesday 17. Nov"]
[Site "chess.com INT"]
[Date "2020.11.17"]
[Round "10"]
[White "Rameshbabu Praggnanandhaa"]
[Black "Aleksei Pridorozhni"]
[Result "0-1"]
[EventDate "2020.11.17"]
[WhiteElo "2608"]
[BlackElo "2590"]
[Source "Caissa, CA, CT"]
[PlyCount "162"]

1. e4 c5 2. Nf3 e6 3. g3 d5 4. exd5 exd5 5. Bg2 Qe7+ 6. Qe2 Qxe2+ 7. Kxe2 Nc6 8. Re1 h6 9. Kf1+ Be6 10. Nc3 Nf6 11. d4 O-O-O 12. Be3 c4 13. Ne5 Bb4 14. a3 Ba5 15. Red1 Ne7 16. Ne2 g5 17. b3 cxb3 18. cxb3 Kb8 19. b4 Bc7 20. Nc3 Nf5 21. Nd3 Nxe3+ 22. fxe3 Ng4 23. Ke2 Nxh2 24. Rh1 Ng4 25. Nc5 Rhe8 26. Raf1 Bc8 27. Rf3 b6 28. Nd3 f5 29. Kd2 a6 30. a4 Rh8 31. Bh3 h5 32. a5 b5 33. Bg2 Nf6 34. Nc5 Ne4+ 35. N3xe4 dxe4 36. Rff1 Bxg3 37. Bh3 g4 38. Bg2 h4 39. Nxa6+ Bxa6 40. Rxf5 Rde8 41. Rc1 h3 42. Bh1 Rh6 43. Rg5 Bd6 44. Rxg4 Bxb4+ 45. Kd1 Bxa5 46. Rc5 h2 47. Rgg5 Bc7 48. Kc2 Rf6 49. Rcf5 Rxf5 50. Rxf5 Kc8 51. Kc3 Bb7 52. Rxb5 Rg8 53. d5 Rg1 54. Bxe4 h1=Q 55. Bxh1 Rxh1 56. e4 Be5+ 57. Kb4 Rb1+ 58. Kc5 Rxb5+ 59. Kxb5 Kd7 60. Kc5 Ba6 61. Kb6 Bd3 62. Kc5 Bxe4 63. d6 Bxd6+ 64. Kd4 Bc6 65. Kc4 Ke6 66. Kd4 Bb5 67. Ke4 Bc5 68. Kf4 Bd3 69. Kf3 Kf5 70. Kg3 Be4 71. Kh4 Bf3 72. Kg3 Ke4 73. Kh4 Kf4 74. Kh3 Be7 75. Kh2 Kg4 76. Kg1 Kg3 77. Kf1 Bb4 78. Kg1 Be2 79. Kh1 Bc3 80. Kg1 Bd4+ 81. Kh1 Bf3# 0-1

[Event "Titled Tuesday intern op 17th Nov"]
[Site "Chess.com INT"]
[Date "2020.11.17"]
[Round "1"]
[White "Anatole Vlachos"]
[Black "Rameshbabu Praggnanandhaa"]
[Result "0-1"]
[EventDate "?"]
[WhiteElo "2413"]
[BlackElo "2608"]
[Source "chessbites.com"]
[PlyCount "68"]

1. Nf3 Nf6 2. g3 b5 3. Bg2 Bb7 4. O-O e6 5. a4 b4 6. a5 Na6 7. d3 d5 8. Nbd2 Be7 9. e4 dxe4 10. dxe4 O-O 11. e5 Nd7 12. c3 Ndc5 13. Qc2 Qd3 14. Qxd3 Nxd3 15. Ne1 Bxg2 16. Kxg2 Nxe5 17. f4 Nc6 18. Nc4 Bf6 19. Bd2 bxc3 20. Bxc3 Rab8 21. Nd3 Bxc3 22. bxc3 Rfd8 23. Rfd1 f6 24. Kf3 Rd5 25. Ke2 Rbd8 26. Ndb2 Nc5 27. Rxd5 exd5 28. Ne3 d4 29. cxd4 Nxd4+ 30. Kf2 Ndb3 31. Ra2 Rd2+ 32. Kf3 Rxh2 33. a6 Nd4+ 34. Kg4 h5# 0-1

[Event "Titled Tuesday intern op 17th Nov"]
[Site "Chess.com INT"]
[Date "2020.11.17"]
[Round "2"]
[White "Rameshbabu Praggnanandhaa"]
[Black "Armin Musovic"]
[Result "1-0"]
[EventDate "?"]
[WhiteElo "2608"]
[BlackElo "2235"]
[Source "chessbites.com"]
[PlyCount "92"]

1. e4 c6 2. d4 d5 3. exd5 cxd5 4. Bd3 Nc6 5. c3 Nf6 6. Bf4 g6 7. Nd2 Bg7 8. Ngf3 O-O 9. O-O Re8 10. h3 Nd7 11. Re1 f6 12. Qb3 Nb6 13. Re2 Na5 14. Qb5 Nc6 15. Rae1 a6 16. Qb3 e6 17. Bg3 Na5 18. Qa3 Nc6 19. c4 Bf8 20. c5 Nd7 21. Qc3 Kf7 22. b4 Bh6 23. Nb3 Nf8 24. a4 Ne7 25. b5 axb5 26. axb5 Bd7 27. Bd6 Nf5 28. Bxf5 gxf5 29. c6 bxc6 30. bxc6 Bc8 31. Bxf8 Bxf8 32. Nc5 Qd6 33. Nh4 Ba6 34. Rxe6 Rxe6 35. Rxe6 Qf4 36. g3 Qb8 37. Rxf6+ Kg7 38. Nxf5+ Kh8 39. Qe1 Bxc5 40. dxc5 Bd3 41. Qc3 Qb1+ 42. Kh2 Kg8 43. Rg6+ Kf8 44. Qg7+ Ke8 45. Nd6+ Kd8 46. Qd7# 1-0

[Event "Titled Tuesday intern op 17th Nov"]
[Site "Chess.com INT"]
[Date "2020.11.17"]
[Round "3"]
[White "Gellert Karacsonyi"]
[Black "Rameshbabu Praggnanandhaa"]
[Result "0-1"]
[EventDate "?"]
[WhiteElo "2278"]
[BlackElo "2608"]
[Source "chessbites.com"]
[PlyCount "104"]

1. e4 c5 2. Nf3 e6 3. d4 cxd4 4. Nxd4 a6 5. Nc3 Qc7 6. Bd3 Nf6 7. O-O Bc5 8. Nb3 Be7 9. Qe2 d6 10. Kh1 O-O 11. Bd2 Nbd7 12. f4 b5 13. Rae1 Bb7 14. e5 Ne8 15. exd6 Bxd6 16. Ne4 Nef6 17. Nxd6 Qxd6 18. Bc3 Rfe8 19. Be5 Qb6 20. Bd4 Qc7 21. Be5 Qb6 22. Bd4 Qd8 23. Nc5 Nxc5 24. Bxc5 Rc8 25. Bg1 Bd5 26. a3 Qc7 27. c3 Bc4 28. Bd4 Nd5 29. Bxc4 bxc4 30. Qg4 f5 31. Qf3 Qd7 32. g4 Ne7 33. gxf5 Nxf5 34. Be5 Re7 35. Rd1 Qb7 36. Qxb7 Rxb7 37. Rd2 Kf7 38. Rfd1 Ke7 39. Kg1 Rc6 40. Kf2 Rcb6 41. Rb1 Rb3 42. Bd4 R7b5 43. a4 Rd5 44. Be3 Kd6 45. Rxd5+ exd5 46. Ke2 Rb7 47. Kd2 Re7 48. Re1 Re4 49. Bf2 Rxf4 50. Be3 Rh4 51. Re2 Re4 52. Bf2 g5 0-1

[Event "Titled Tuesday intern op 17th Nov"]
[Site "Chess.com INT"]
[Date "2020.11.17"]
[Round "6"]
[White "Rameshbabu Praggnanandhaa"]
[Black "Pavel Anisimov"]
[Result "1-0"]
[EventDate "?"]
[WhiteElo "2608"]
[BlackElo "2527"]
[Source "chessbites.com"]
[PlyCount "86"]

1. e4 c5 2. Nf3 d6 3. c3 Nf6 4. Be2 Nc6 5. d4 cxd4 6. cxd4 d5 7. e5 Ne4 8. Nc3 Bf5 9. Nh4 Nxc3 10. bxc3 Bd7 11. O-O e6 12. Nf3 Be7 13. Bd3 Rc8 14. Bf4 Na5 15. Qd2 Qc7 16. Qe2 h6 17. Rab1 b6 18. h4 Nc4 19. h5 a5 20. Nh2 a4 21. Qg4 Kf8 22. Rbc1 a3 23. Rfe1 Nb2 24. Bb1 Bb5 25. Re3 Rg8 26. Rg3 Ke8 27. Bxh6 Kd7 28. Bxg7 Rh8 29. h6 Na4 30. h7 Rxh7 31. Bxh7 Bc4 32. Bb1 Qc6 33. Bf6 Bxf6 34. exf6 Qb5 35. Nf3 Qb2 36. Ne5+ Kc7 37. Qf4 Kb7 38. Nxf7 Ka6 39. Nd6 Rf8 40. f7 Bxa2 41. Bxa2 Qxa2 42. Rg8 Rxf7 43. Qxf7 1-0

[Event "Titled Tuesday intern op 17th Nov"]
[Site "Chess.com INT"]
[Date "2020.11.17"]
[Round "7"]
[White "Petr Palachev"]
[Black "Rameshbabu Praggnanandhaa"]
[Result "0-1"]
[EventDate "?"]
[WhiteElo "2345"]
[BlackElo "2608"]
[Source "chessbites.com"]
[PlyCount "106"]

1. d4 Nf6 2. Bf4 d5 3. e3 e6 4. Nf3 Bd6 5. Nbd2 Bxf4 6. exf4 b6 7. Bd3 Qd6 8. g3 O-O 9. Qe2 c5 10. c3 a5 11. O-O Ba6 12. Rfe1 a4 13. a3 Rc8 14. Ne5 Bxd3 15. Qxd3 Nc6 16. Rac1 Ne7 17. g4 Ra7 18. Rcd1 Rac7 19. Nf1 Nc6 20. Nxc6 Rxc6 21. Qf3 cxd4 22. Rxd4 Rc4 23. Red1 b5 24. Ne3 Rxd4 25. Rxd4 Qc5 26. g5 Ne4 27. f5 Qe7 28. h4 h6 29. fxe6 fxe6 30. Qg4 Rf8 31. f3 h5 32. Qg2 Nd6 33. Qg3 Nf5 34. Nxf5 Rxf5 35. f4 Qc5 36. Kg2 Qd6 37. Qe3 Qc6 38. Qf3 g6 39. Kf2 Qd6 40. Kg3 e5 41. Rd1 exf4+ 42. Kg2 Qe5 43. Kf2 Qe4 44. Rd4 Qc2+ 45. Qe2 Qxe2+ 46. Kxe2 Kf7 47. Kf3 Ke6 48. Rxf4 Ke5 49. Rxf5+ Kxf5 50. Ke3 Kg4 51. Kd4 Kxh4 52. Kxd5 Kxg5 53. Ke4 Kg4 0-1

[Event "Titled Tuesday intern op 17th Nov"]
[Site "Chess.com INT"]
[Date "2020.11.17"]
[Round "8"]
[White "Rameshbabu Praggnanandhaa"]
[Black "Alavi Moghaddam, Sayed Javad"]
[Result "1-0"]
[EventDate "?"]
[WhiteElo "2608"]
[BlackElo "2445"]
[Source "chessbites.com"]
[PlyCount "102"]

1. e4 e5 2. Nf3 Nc6 3. Bb5 a6 4. Ba4 Nf6 5. d3 b5 6. Bb3 Be7 7. O-O O-O 8. c3 d5 9. Nbd2 Be6 10. Qe2 h6 11. Rd1 Qd7 12. Nf1 Rfd8 13. Ne3 dxe4 14. dxe4 Bd6 15. Nd5 Bxd5 16. exd5 Na5 17. Bc2 Re8 18. a4 Nc4 19. Bb3 e4 20. Nd4 e3 21. Bxe3 Nxe3 22. fxe3 Ng4 23. h3 Nxe3 24. Re1 Nf5 25. Qd3 Nxd4 26. Qxd4 Rxe1+ 27. Rxe1 Re8 28. Qd2 Bc5+ 29. Kh1 Kf8 30. axb5 axb5 31. Rf1 Be3 32. Qd3 Qd6 33. Qf5 f6 34. Qf3 Qe5 35. Bc2 Bc5 36. Bf5 Bd6 37. g3 Qxg3 38. Qxg3 Bxg3 39. Be6 Be5 40. Ra1 b4 41. cxb4 Bxb2 42. Ra7 Be5 43. Rb7 Ra8 44. Kg2 Ke7 45. b5 Kd6 46. b6 cxb6 47. Rxb6+ Kc5 48. Rc6+ Kd4 49. d6 Rd8 50. d7 Ke4 51. Rc8 1-0

[Event "Titled Tuesday intern op 17th Nov"]
[Site "Chess.com INT"]
[Date "2020.11.17"]
[Round "9"]
[White "Corrales Jimenez, Fidel"]
[Black "Rameshbabu Praggnanandhaa"]
[Result "0-1"]
[EventDate "?"]
[WhiteElo "2532"]
[BlackElo "2608"]
[Source "chessbites.com"]
[PlyCount "120"]

1. e4 c5 2. Nf3 Nc6 3. d4 cxd4 4. Nxd4 Nf6 5. Nc3 d6 6. Bg5 e6 7. Qd2 Be7 8. O-O-O a6 9. Bxf6 gxf6 10. Be2 Nxd4 11. Qxd4 Qa5 12. f4 Bd7 13. Kb1 O-O-O 14. Rhf1 Rhg8 15. g3 Kb8 16. Bc4 h5 17. Bb3 f5 18. Rfe1 Bc6 19. Nd5 Bf8 20. Qf6 exd5 21. exd5 Bd7 22. Qxf7 Rh8 23. h4 Qc7 24. Re3 Bc8 25. Qg6 Rh7 26. Rde1 Qg7 27. Qg5 Qxg5 28. fxg5 Rf7 29. c3 Bg7 30. Bc2 Be5 31. Rf3 Rdf8 32. Ref1 Kc7 33. Bd3 Kd8 34. Be2 f4 35. gxf4 Bg4 36. R3f2 Rxf4 37. Rxf4 Rxf4 38. Rxf4 Bxf4 39. Bd3 Bg3 40. g6 Ke7 41. g7 Kf7 42. c4 Bxh4 43. b4 Bf2 44. Kc2 h4 45. Kd2 h3 46. Be4 h2 47. a4 Kxg7 48. Bh1 Kf6 49. c5 dxc5 50. Kc3 Be1+ 51. Kc4 cxb4 52. d6 Be6+ 53. Kc5 b3 54. Kb6 b2 55. Be4 h1=Q 56. Bxh1 b1=Q+ 57. Kc7 Ba5+ 58. Kb8 Qb6 59. Bxb7 Bd5 60. d7 Qxb7# 0-1

[Event "Titled Tuesday intern op 17th Nov"]
[Site "Chess.com INT"]
[Date "2020.11.17"]
[Round "11"]
[White "Artur Gabrielian"]
[Black "Rameshbabu Praggnanandhaa"]
[Result "0-1"]
[EventDate "?"]
[WhiteElo "2458"]
[BlackElo "2608"]
[Source "chessbites.com"]
[PlyCount "58"]

1. e4 c5 2. Nc3 Nc6 3. Bb5 Nd4 4. Bc4 e6 5. Nge2 Nf6 6. O-O Qc7 7. d3 a6 8. Nxd4 cxd4 9. Ne2 b5 10. Bb3 Bc5 11. Ng3 Bb7 12. a4 b4 13. Nh5 O-O-O 14. Qf3 Bd6 15. h3 Rhg8 16. Bg5 Be5 17. Kh1 d5 18. exd5 h6 19. Nxf6 gxf6 20. Bxf6 Rxd5 21. Bxd5 Bxd5 22. Bxe5 Qxe5 23. Qxf7 Bxg2+ 24. Kg1 Rg7 25. Qf8+ Kd7 26. Rfe1 Bf3+ 27. Kf1 Rg1+ 28. Kxg1 Qg5+ 29. Kh2 Qg2# 0-1

[Event "Titled Tuesday intern op 17th Nov"]
[Site "Chess.com INT"]
[Date "2020.11.17"]
[Round "5"]
[White "Alexander Kachko"]
[Black "Rameshbabu Praggnanandhaa"]
[Result "1-0"]
[EventDate "?"]
[WhiteElo "2328"]
[BlackElo "2608"]
[Source "chessbites.com"]
[PlyCount "156"]

1. d4 Nf6 2. Nf3 b6 3. Bg5 e6 4. e3 Bb7 5. Nbd2 Be7 6. a4 a6 7. a5 b5 8. Bd3 O-O 9. Bxf6 Bxf6 10. O-O d6 11. c4 bxc4 12. Nxc4 Nd7 13. e4 g6 14. Re1 Bg7 15. e5 Qe7 16. Rc1 Rfd8 17. exd6 cxd6 18. Bf1 Bxf3 19. Qxf3 Bxd4 20. Red1 Bc5 21. Nd2 Ne5 22. Qf4 Nd7 23. Ne4 Rab8 24. Nxc5 Nxc5 25. b4 e5 26. Qc4 Ne6 27. Rb1 Ra8 28. b5 axb5 29. Qxb5 Nd4 30. Qa4 Qa7 31. a6 Rab8 32. Rdc1 Kg7 33. Qa5 Ne6 34. Qd5 Rxb1 35. Rxb1 Nc5 36. g3 h5 37. Bc4 Rd7 38. h4 Kh7 39. Qc6 e4 40. Qb6 Kg7 41. Qxa7 Rxa7 42. Rb6 d5 43. Bb5 d4 44. Rc6 Ne6 45. Rb6 d3 46. Kf1 Nd4 47. Bc4 Rc7 48. Rb4 Nc6 49. Ra4 Na7 50. Ke1 f5 51. Kd2 Kf6 52. Ke3 Ke5 53. f3 Rd7 54. Ra5+ Kf6 55. Rd5 Rxd5 56. Bxd5 exf3 57. Bxf3 g5 58. Kxd3 f4 59. gxf4 gxh4 60. Ke4 Nb5 61. Bxh5 Ke6 62. Bf3 Kf6 63. Kd5 Na7 64. Kc5 Kf5 65. Kb6 Nc8+ 66. Kc7 Na7 67. Kb6 Nc8+ 68. Kb7 Nd6+ 69. Kc6 Nc8 70. Bg2 Kxf4 71. Bh3 Na7+ 72. Kb6 Kg3 73. Kxa7 Kxh3 74. Kb6 Kg3 75. a7 h3 76. a8=Q Kh2 77. Qf3 Kg1 78. Qg3+ 1-0

[Event "Djerba Blitz Masters KO"]
[Site "Europe Echecs INT"]
[Date "2020.11.15"]
[Round "1.2"]
[White "Gata Kamsky"]
[Black "Rameshbabu Praggnanandhaa"]
[Result "1-0"]
[EventDate "?"]
[WhiteElo "2665"]
[BlackElo "2608"]
[Source "chessbites.com; date by Chess Assistant 21"]
[PlyCount "88"]

1. e4 c5 2. Nf3 Nc6 3. d4 cxd4 4. Nxd4 Nf6 5. Nc3 d6 6. Be2 g6 7. O-O Bg7 8. Be3 O-O 9. Qd2 Bd7 10. Rfd1 Rc8 11. a4 a6 12. f3 Qc7 13. Nb3 Ne5 14. a5 Be6 15. Nd4 Bd7 16. Kh1 Nc4 17. Bxc4 Qxc4 18. Nde2 Qc7 19. Bh6 b5 20. axb6 Qxb6 21. Bxg7 Kxg7 22. b3 Rc5 23. Nf4 Qc6 24. Ncd5 Rxc2 25. Qe1 Qb7 26. Nxe7 Be6 27. Ned5 Bxd5 28. Nxd5 Nxd5 29. Rxd5 Qxb3 30. Rxd6 Rfc8 31. Rdd1 Qb2 32. Qg1 R8c6 33. h3 Qf6 34. Qd4 Qxd4 35. Rxd4 Rc1+ 36. Rxc1 Rxc1+ 37. Kh2 Rc6 38. Rd5 Kf6 39. h4 h5 40. Kg3 Ke6 41. Kf4 Kf6 42. g4 hxg4 43. fxg4 Kg7 44. h5 1-0

[Event "Djerba Blitz Masters KO"]
[Site "Europe Echecs INT"]
[Date "2020.11.15"]
[Round "1.3"]
[White "Rameshbabu Praggnanandhaa"]
[Black "Gata Kamsky"]
[Result "0-1"]
[EventDate "?"]
[WhiteElo "2608"]
[BlackElo "2665"]
[Source "chessbites.com; date by Chess Assistant 21"]
[PlyCount "120"]

1. Nf3 Nf6 2. g3 g6 3. Bg2 Bg7 4. O-O O-O 5. d4 d5 6. c4 c6 7. cxd5 cxd5 8. Ne5 e6 9. Nc3 Nfd7 10. Nf3 Nc6 11. b3 Nf6 12. Ba3 Re8 13. Rc1 Bf8 14. Bxf8 Rxf8 15. Qd2 Bd7 16. Qh6 Ng4 17. Qf4 Nf6 18. Na4 b6 19. Nc3 Qe7 20. Ne5 Rac8 21. Qh4 Rfe8 22. Nb5 Kg7 23. Nc3 Qb4 24. Nxd7 Nxd7 25. e3 Ne7 26. Ne2 Qa3 27. Rxc8 Rxc8 28. e4 dxe4 29. Bxe4 Nf6 30. Bf3 Qxa2 31. d5 Nexd5 32. Nd4 Qd2 33. Nb5 Qd3 34. Nd6 Rc6 35. Bxd5 Rxd6 36. Bc4 Qd4 37. Qxd4 Rxd4 38. Ra1 a5 39. Kg2 Ng4 40. Re1 Rd2 41. Be2 Ne5 42. Bb5 Kf6 43. Re3 g5 44. h3 h5 45. Rc3 g4 46. hxg4 hxg4 47. Rc8 Rb2 48. Rc3 Nf3 49. Bf1 Rb1 50. Re3 e5 51. Rc3 Kg5 52. Rc7 f5 53. Rc6 Ne1+ 54. Kg1 Nf3+ 55. Kg2 Rxb3 56. Rc7 Rb1 57. Rg7+ Kf6 58. Rb7 a4 59. Ra7 b5 60. Rb7 a3 0-1

[Event "Djerba Blitz Masters"]
[Site "Europe Echecs INT"]
[Date "2020.11.14"]
[Round "2"]
[White "Maxime Lagarde"]
[Black "Rameshbabu Praggnanandhaa"]
[Result "0-1"]
[EventDate "?"]
[WhiteElo "2651"]
[BlackElo "2608"]
[Source "chessbites.com; date by Chess Assistant 21"]
[PlyCount "70"]

1. b3 Nf6 2. Bb2 b6 3. g3 Bb7 4. Nf3 g6 5. Bxf6 exf6 6. Bg2 Bg7 7. O-O O-O 8. c4 f5 9. Nc3 d6 10. Rc1 Nd7 11. Nh4 Bxg2 12. Nxg2 c6 13. d3 Re8 14. b4 Bxc3 15. Rxc3 Nf6 16. b5 c5 17. Rc2 d5 18. Ne3 d4 19. Ng2 Qd6 20. a4 Re7 21. a5 Rae8 22. axb6 axb6 23. Ra2 h5 24. Re1 Qc7 25. e3 dxe3 26. Rxe3 Rxe3 27. Nxe3 f4 28. Nf1 Qe5 29. Qf3 fxg3 30. hxg3 Ng4 31. Ra8 Rxa8 32. Qxa8+ Kg7 33. Qf3 Qd4 34. Kg2 Ne5 35. Qe3 Nxd3 0-1

[Event "Djerba Blitz Masters"]
[Site "Europe Echecs INT"]
[Date "2020.11.14"]
[Round "3"]
[White "Rameshbabu Praggnanandhaa"]
[Black "Amir Zaibi"]
[Result "1-0"]
[EventDate "?"]
[WhiteElo "2608"]
[BlackElo "2381"]
[Source "chessbites.com; date by Chess Assistant 21"]
[PlyCount "92"]

1. e4 c5 2. Nf3 e6 3. g3 Nf6 4. d3 d5 5. Qe2 Nc6 6. Bg2 Be7 7. O-O O-O 8. e5 Nd7 9. c4 Nb6 10. Rd1 Bd7 11. b3 f5 12. h4 d4 13. Bf4 h6 14. Na3 Be8 15. Ne1 g5 16. hxg5 hxg5 17. Bc1 Kg7 18. Nb5 Rh8 19. Nd6 Bg6 20. Nxb7 Qc7 21. Nd6 Rh7 22. Nb5 Qd7 23. Qf3 Rc8 24. Qe2 Rch8 25. Nf3 Bh5 26. Kf1 Bg4 27. Ke1 Rh2 28. Qf1 Nb4 29. Nxh2 Rxh2 30. f3 Bh3 31. Rd2 Bxg2 32. Rxg2 Nxd3+ 33. Kd1 Rxg2 34. Qxg2 Qb7 35. Qe2 Nb4 36. Nd6 Qc6 37. Bd2 d3 38. Qf2 Nc2 39. Rc1 g4 40. Bf4 gxf3 41. Kd2 Qe4 42. Nxe4 fxe4 43. Rh1 Bd8 44. Qh2 Nxc4+ 45. bxc4 Ba5+ 46. Kd1 1-0

[Event "Djerba Blitz Masters"]
[Site "Europe Echecs INT"]
[Date "2020.11.14"]
[Round "4"]
[White "Marc Andria Maurizzi"]
[Black "Rameshbabu Praggnanandhaa"]
[Result "0-1"]
[EventDate "?"]
[WhiteElo "2445"]
[BlackElo "2608"]
[Source "chessbites.com; date by Chess Assistant 21"]
[PlyCount "72"]

1. e4 c5 2. Nf3 Nc6 3. Nc3 d6 4. d4 cxd4 5. Nxd4 Nf6 6. Bg5 e6 7. Qd2 Be7 8. Nxc6 bxc6 9. O-O-O O-O 10. Bc4 a5 11. a4 d5 12. Bb3 h6 13. Bf4 Bb4 14. f3 Bb7 15. Qe3 Re8 16. e5 Nd7 17. g4 Be7 18. Kb1 Ba6 19. Ne2 Rb8 20. Nd4 Qb6 21. g5 c5 22. Nxe6 fxe6 23. gxh6 c4 24. Qd2 cxb3 25. c3 g6 26. Rdg1 Nf8 27. h4 Bc5 28. Rg2 Qc6 29. Rhg1 Bxg1 30. Rxg1 Qxa4 31. Qe3 Qa2+ 32. Kc1 Qa1+ 33. Kd2 Qxb2+ 34. Ke1 Qc2 35. h7+ Kxh7 36. h5 Qe2+ 0-1

[Event "Djerba Blitz Masters"]
[Site "Europe Echecs INT"]
[Date "2020.11.14"]
[Round "9"]
[White "Rameshbabu Praggnanandhaa"]
[Black "Timothe Razafindratsima"]
[Result "1-0"]
[EventDate "?"]
[WhiteElo "2608"]
[BlackElo "2341"]
[Source "chessbites.com; date by Chess Assistant 21"]
[PlyCount "58"]

1. e4 c5 2. Nf3 d6 3. c3 Nf6 4. Be2 Nc6 5. d4 cxd4 6. cxd4 e6 7. Nc3 Be7 8. O-O O-O 9. Bf4 d5 10. e5 Ne4 11. Bd3 Nxc3 12. bxc3 b6 13. h4 Bb7 14. h5 f5 15. exf6 Bxf6 16. Qd2 Rc8 17. Rfe1 Qd7 18. Re2 Na5 19. Rae1 Rfe8 20. Ne5 Bxe5 21. Bxe5 Nc4 22. Bxc4 Rxc4 23. Re3 Re7 24. Rg3 Qe8 25. Qg5 Qf8 26. Bd6 Rcc7 27. Rxe6 Rxe6 28. Bxf8 Kxf8 29. Qd8+ 1-0

[Event "Djerba Blitz Masters"]
[Site "Europe Echecs INT"]
[Date "2020.11.14"]
[Round "5"]
[White "Rameshbabu Praggnanandhaa"]
[Black "Romain Edouard"]
[Result "0-1"]
[EventDate "?"]
[WhiteElo "2608"]
[BlackElo "2640"]
[Source "chessbites.com; date by Chess Assistant 21"]
[PlyCount "62"]

1. e4 e6 2. d3 d5 3. Qe2 dxe4 4. dxe4 e5 5. Nf3 Nc6 6. c3 Nf6 7. g3 a5 8. Bg2 Bc5 9. O-O O-O 10. Nbd2 b6 11. Nc4 Ba6 12. b3 h6 13. a4 Qe7 14. Nh4 Qe6 15. Nf5 Ne7 16. Nfe3 Rad8 17. Ra2 Rd7 18. h4 Rfd8 19. Rc2 h5 20. Bf3 g6 21. Kg2 Nc8 22. Nd5 Nxd5 23. exd5 Rxd5 24. Bg5 f6 25. Be3 Bxe3 26. Qxe3 R5d7 27. Qh6 Ne7 28. Re1 Bxc4 29. bxc4 Qxc4 30. Bxh5 gxh5 31. Qxf6 Qc6+ 0-1

[Event "Djerba Blitz Masters"]
[Site "Europe Echecs INT"]
[Date "2020.11.14"]
[Round "7"]
[White "Rameshbabu Praggnanandhaa"]
[Black "Bilel Bellahcene"]
[Result "0-1"]
[EventDate "?"]
[WhiteElo "2608"]
[BlackElo "2510"]
[Source "chessbites.com; date by Chess Assistant 21"]
[PlyCount "74"]

1. Nf3 Nf6 2. g3 c5 3. Bg2 Nc6 4. O-O e5 5. e4 d6 6. Nc3 g6 7. d3 Bg7 8. Nh4 Nd4 9. f4 Bg4 10. Nf3 Nd7 11. Nd5 O-O 12. c3 Nxf3+ 13. Bxf3 Bxf3 14. Qxf3 f5 15. Qg2 Nb6 16. exf5 Rxf5 17. Ne3 Rf7 18. f5 Qd7 19. g4 d5 20. Bd2 Raf8 21. Rae1 d4 22. fxg6 hxg6 23. Rxf7 Rxf7 24. Nc4 Nxc4 25. dxc4 b5 26. b3 bxc4 27. bxc4 Qe6 28. cxd4 cxd4 29. c5 Rc7 30. Bb4 Qc4 31. a3 d3 32. Qe4 Qxe4 33. Rxe4 a5 34. Bxa5 Rxc5 35. Bb4 Rc2 36. Re1 d2 37. Rd1 Rc1 0-1

[Event "Djerba Blitz Masters"]
[Site "Europe Echecs INT"]
[Date "2020.11.14"]
[Round "10"]
[White "Rameshbabu Praggnanandhaa"]
[Black "A R Saleh Salem"]
[Result "0-1"]
[EventDate "?"]
[WhiteElo "2608"]
[BlackElo "2682"]
[Source "chessbites.com; date by Chess Assistant 21"]
[PlyCount "132"]

1. e4 c6 2. Nf3 d5 3. Nc3 Bg4 4. h3 Bxf3 5. Qxf3 e6 6. Be2 Nf6 7. O-O Nbd7 8. d4 dxe4 9. Nxe4 Nxe4 10. Qxe4 Nf6 11. Qd3 Bd6 12. b3 O-O 13. Bb2 Qc7 14. Rfe1 Rad8 15. Qe3 c5 16. c4 Bh2+ 17. Kf1 Bf4 18. Qd3 cxd4 19. Bf3 e5 20. g3 Bh6 21. Re2 Rfe8 22. Rae1 a5 23. Ba3 b6 24. h4 g6 25. Kg2 Bf8 26. Bc1 Nd7 27. Bd5 Nc5 28. Qf3 Bg7 29. Bg5 Rd6 30. h5 gxh5 31. Qxh5 Qd7 32. Kg1 Qf5 33. Qh4 d3 34. Re3 h6 35. Be7 Rd7 36. Bxc5 d2 37. Rd1 bxc5 38. Rxd2 Bf6 39. Qe4 Qxe4 40. Rxe4 Kg7 41. Rde2 Ree7 42. Rg4+ Kf8 43. Re3 Bg5 44. Rf3 Kg7 45. Re4 Kg6 46. g4 Bf4 47. Re2 Kg5 48. Rd3 Kxg4 49. Kg2 f5 50. f3+ Kg5 51. Re1 Rg7 52. Rg1 Kf6+ 53. Kf1 Rxg1+ 54. Kxg1 Rg7+ 55. Kh1 Rg3 56. Bc6 e4 57. Rd5 e3 58. Rd1 Be5 59. Re1 f4 60. Kh2 Bc3 61. Re2 Bd2 62. Be4 Ke5 63. Kh1 Kd4 64. Kh2 h5 65. Kh1 h4 66. Kh2 h3 0-1

[Event "Speed Chess Super Swiss KO"]
[Site "Chess.com INT"]
[Date "2020.10.04"]
[Round "1.8"]
[White "Martinez Alcantara, Jose Eduardo"]
[Black "Rameshbabu Praggnanandhaa"]
[Result "0-1"]
[EventDate "?"]
[WhiteElo "2620"]
[BlackElo "2608"]
[Source "chessbites.com; date by Chess Assistant 21"]
[PlyCount "98"]

1. e4 c5 2. Nf3 Nc6 3. Nc3 d6 4. Bb5 Bd7 5. O-O g6 6. Bxc6 bxc6 7. d4 cxd4 8. Qxd4 Nf6 9. e5 dxe5 10. Nxe5 Bg7 11. Rd1 Qc8 12. Nxd7 Qxd7 13. Qc4 Qc8 14. Bf4 O-O 15. Be5 Qb7 16. Na4 Qb5 17. Qxb5 cxb5 18. Nc5 Rac8 19. b4 Rfe8 20. Kf1 Ne4 21. Bxg7 Nxc5 22. Bd4 Ne6 23. Bxa7 Rxc2 24. a4 bxa4 25. Rxa4 Rb2 26. Be3 f5 27. g3 Rc8 28. Rd7 Kf7 29. Raa7 Re8 30. Rab7 g5 31. Bd2 h5 32. h4 gxh4 33. gxh4 Nf8 34. Rd5 Ke6 35. Rd3 Ng6 36. Bc3 Rb1+ 37. Be1 Rc8 38. Rb6+ Kf7 39. Re3 Rcc1 40. Rb5 e6 41. Rb6 Nf4 42. Rb7+ Kf6 43. Rd7 Nd5 44. Re2 Nxb4 45. Rdd2 Nd5 46. Rb2 Ra1 47. Rbd2 Rab1 48. Ra2 Nc3 49. Reb2 Rxe1+ 0-1